XI Congreso Sociedad Chilena de Fitopatología: libro de resúmenes
Saved in:
| Format: | Bog |
|---|---|
| Sprog: | spansk |
| Udgivet: |
Santa Cruz
J. Auger
2001
|
| Fag: | |
| Tags: |
Tilføj Tag
Ingen Tags, Vær først til at tagge denne postø!
|
MARC
| LEADER | 00000nam a2200000 a 4500 | ||
|---|---|---|---|
| 001 | UCM7823 | ||
| 003 | CL-VaPUC | ||
| 005 | 20210902074800.0 | ||
| 008 | 030110e20010000cl 1 spa d | ||
| 082 | 0 | 4 | |a 632 |b CON |2 21 |
| 245 | 1 | 0 | |a XI Congreso Sociedad Chilena de Fitopatología: libro de resúmenes |
| 260 | |a Santa Cruz |b J. Auger |c 2001 | ||
| 300 | |a 118 p | ||
| 583 | |a last modification |c 20030110 00:00:00 |k Rodrigo Vera | ||
| 650 | 0 | 0 | |a Enfermedades de las plantas |9 259687 |
| 650 | 0 | 7 | |a PLAGAS |2 CL-VaPUC |9 264624 |
| 650 | 0 | 0 | |a Control de plagas |9 327373 |
| 650 | 0 | 0 | |a Plaguicidas |9 259645 |
| 650 | 0 | 0 | |a Agricultura |9 255598 |
| 942 | |c BK | ||
| 945 | |a cmena |d 20030110 00:00:00 | ||
| 546 | |a En Español | ||
| 536 | |a Facultad de Ciencias Agronómicas, Universidad de Chile | ||
| 518 | |p Congreso Sociedad Chilena de Fitopatología, 11, Santa Cruz, 4 al 6 de diciembre de 2001 | ||
| 999 | |c 383825 |d 383823 | ||
| 952 | |0 0 |1 0 |4 0 |6 632_000000000000000_CON_2001 |7 0 |8 A |9 506105 |a BIBAGR |b BIBAGR |d 2020-01-23 |i 3875784 |o 632 CON 2001 |p 3875784 |r 2025-01-20 |w 2020-01-23 |y BK |k AGR | ||
| 952 | |0 0 |1 0 |4 0 |6 632_000000000000000_CON_2001 |7 0 |8 A |9 506106 |a BIBAGR |b BIBAGR |d 2020-01-23 |i 3875792 |o 632 CON 2001 |p 3875792 |r 2025-01-20 |w 2020-01-23 |y BK |k AGR | ||